[Event "Titled Tuesday 2025.01.07 Late"]
[Site "chess.com INT"]
[Date "2025.01.07"]
[Round "2"]
[White "Velazquez, Kevin"]
[Black "Mendes, Aaron Reeve"]
[Result "1/2-1/2"]
[WhiteElo "2038"]
[BlackElo "2358"]
[PlyCount "156"]
[GameId "2133754867554007"]
[EventDate "2025.01.07"]
[EventType "swiss (blitz)"]
[EventRounds "11"]
[EventCountry "NET"]
[SourceTitle "The Week in Chess 1575"]
[Source "Mark Crowther"]
[SourceDate "2025.01.13"]
[SourceVersion "1"]
[SourceVersionDate "2025.01.13"]
[SourceQuality "2"]

1. e4 c5 2. Nc3 Nc6 3. f4 g6 4. Nf3 Bg7 5. Bb5 Nd4 6. Bd3 e6 7. Nxd4 cxd4 8. Nb5 d6 9. c3 a6 10. Nxd4 Bxd4 11. cxd4 d5 12. e5 Ne7 13. b3 Bd7 14. Ba3 Nc6 15. Qc2 Nxd4 16. Qc5 Nc6 17. h4 h5 18. Rc1 Rc8 19. Qd6 Na7 20. O-O Rc6 21. Rxc6 Bxc6 22. Qc5 Nc8 23. Bxa6 Qb6 24. Qxb6 Nxb6 25. Be2 Kd7 26. Bc5 Na8 27. a4 Nc7 28. Ra1 Ra8 29. a5 Bb5 30. Kf2 Ra6 31. Bf3 Rc6 32. b4 Na6 33. d4 Rc8 34. g4 hxg4 35. Bxg4 Rh8 36. Rh1 Bd3 37. h5 gxh5 38. Rxh5 Rg8 39. Rg5 Rxg5 40. fxg5 Kc6 41. Ke3 Bg6 42. Be2 Nc7 43. Bb6 Nb5 44. Bf1 Na3 45. Bc5 Bc2 46. Kd2 Ba4 47. Be2 Kd7 48. Bh5 Ke8 49. g6 fxg6 50. Bxg6+ Kd7 51. Bf7 Bb5 52. Ke3 Nc2+ 53. Kf4 Bd3 54. Kg5 Ne3 55. Kf6 Ng4+ 56. Kg7 Ne3 57. Kf6 Ng4+ 58. Kg5 Ne3 59. Bg6 Bb5 60. Kf6 Ng4+ 61. Kg5 Ne3 62. Bh5 Nf5 63. Bg4 Bd3 64. Kf6 Be4 65. b5 Bd3 66. a6 bxa6 67. bxa6 Bxa6 68. Bxf5 exf5 69. Kxf5 Ke8 70. Ke6 Bc4 71. Be7 Ba2 72. Kd6 Bc4 73. Ke6 Bb3 74. Bd6 Ba2 75. Be7 Bb3 76. Bd6 Ba2 77. Be7 Bc4 78. Bd6 Ba2 1/2-1/2

[Event "Titled Tuesday 2025.01.07 Late"]
[Site "chess.com INT"]
[Date "2025.01.07"]
[Round "3"]
[White "Mendes, Aaron Reeve"]
[Black "Cofre Archibold, Nestor"]
[Result "0-1"]
[WhiteElo "2358"]
[BlackElo "2226"]
[PlyCount "176"]
[GameId "2133754867664885"]
[EventDate "2025.01.07"]
[EventType "swiss (blitz)"]
[EventRounds "11"]
[EventCountry "NET"]
[SourceTitle "The Week in Chess 1575"]
[Source "Mark Crowther"]
[SourceDate "2025.01.13"]
[SourceVersion "1"]
[SourceVersionDate "2025.01.13"]
[SourceQuality "2"]

1. e4 c5 2. Nf3 d6 3. Bb5+ Bd7 4. Bxd7+ Nxd7 5. O-O Ngf6 6. Re1 e6 7. c3 Be7 8. d4 O-O 9. e5 Ne8 10. d5 Nxe5 11. Nxe5 dxe5 12. dxe6 f6 13. Qb3 Qc8 14. Na3 Nc7 15. f4 b5 16. Nxb5 Rb8 17. c4 a6 18. Na7 Qxe6 19. Qf3 Qxc4 20. Nc6 Rbe8 21. Be3 e4 22. Qf2 Bd6 23. Red1 Nd5 24. Rac1 Qb5 25. Rxd5 Qxc6 26. Rcd1 Be7 27. Qc2 f5 28. Rd7 c4 29. b3 c3 30. b4 Bf6 31. Bc5 e3 32. Bxf8 e2 33. Bc5 e1=Q+ 34. Rxe1 Rxe1+ 35. Kf2 Re8 36. Rd3 h5 37. Re3 Rxe3 38. Kxe3 Qd5 39. a4 Kh7 40. a5 Kg6 41. h3 Qe6+ 42. Kf2 h4 43. g4 hxg3+ 44. Kxg3 Qc4 45. Kf3 Bh4 46. Qg2+ Kf7 47. Qc2 Bf6 48. Ke3 Qd5 49. Kf2 Qe6 50. Kf3 Qd5+ 51. Ke3 Qh1 52. Qd3 Qxh3+ 53. Ke2 Qxd3+ 54. Kxd3 Ke6 55. Kc2 Kd5 56. Bb6 Kc4 57. Bc5 Kb5 58. Bf8 g6 59. Bd6 Bd4 60. Be5 Ba7 61. Kxc3 Bf2 62. Kb3 Be1 63. Bd6 Bd2 64. Ka3 Kc4 65. Ka4 Be3 66. Be5 Ba7 67. Bd6 Be3 68. Be5 Bc1 69. Bd6 Bb2 70. Bc7 Bc3 71. Bd6 Bd2 72. Ka3 Kb5 73. Kb3 Be3 74. Be5 Bf2 75. Bd6 Bh4 76. Be5 g5 77. fxg5 Bxg5 78. Bd4 Be7 79. Bc3 f4 80. Be1 f3 81. Bf2 Bxb4 82. Kc2 Kc4 83. Kd1 Kd3 84. Bb6 Bc3 85. Bf2 Bxa5 86. Ba7 Bc3 87. Bf2 a5 88. Bc5 a4 0-1

[Event "Titled Tuesday 2025.01.07 Late"]
[Site "chess.com INT"]
[Date "2025.01.07"]
[Round "4"]
[White "Slade, Theodore"]
[Black "Mendes, Aaron Reeve"]
[Result "1-0"]
[WhiteElo "2070"]
[BlackElo "2358"]
[PlyCount "61"]
[GameId "2133754867689523"]
[EventDate "2025.01.07"]
[EventType "swiss (blitz)"]
[EventRounds "11"]
[EventCountry "NET"]
[SourceTitle "The Week in Chess 1575"]
[Source "Mark Crowther"]
[SourceDate "2025.01.13"]
[SourceVersion "1"]
[SourceVersionDate "2025.01.13"]
[SourceQuality "2"]

1. Nf3 d5 2. e3 c5 3. b3 Nc6 4. Bb2 Nf6 5. Bb5 e6 6. c4 dxc4 7. bxc4 Bd7 8. O-O Bd6 9. d4 a6 10. Ba4 Qe7 11. d5 exd5 12. cxd5 Nb8 13. Bc2 O-O 14. e4 Nxe4 15. Re1 f5 16. Nc3 Nxc3 17. Rxe7 Bxe7 18. Bxc3 Bd6 19. Ne5 g6 20. Qd2 Re8 21. Nc4 Bf8 22. Nb6 Ra7 23. Qg5 Be7 24. Qg3 Bf8 25. h4 Bh6 26. Qc7 Bb5 27. d6 Bf8 28. d7 Nxd7 29. Nxd7 Re7 30. Nf6+ Kf7 31. Qb8 1-0

[Event "Titled Tuesday 2025.01.07 Late"]
[Site "chess.com INT"]
[Date "2025.01.07"]
[Round "5"]
[White "Mendes, Aaron Reeve"]
[Black "Garcia Garcia, A."]
[Result "1-0"]
[WhiteElo "2358"]
[BlackElo "2140"]
[PlyCount "89"]
[GameId "2133754867800403"]
[EventDate "2025.01.07"]
[EventType "swiss (blitz)"]
[EventRounds "11"]
[EventCountry "NET"]
[SourceTitle "The Week in Chess 1575"]
[Source "Mark Crowther"]
[SourceDate "2025.01.13"]
[SourceVersion "1"]
[SourceVersionDate "2025.01.13"]
[SourceQuality "2"]

1. e4 e5 2. Nf3 d6 3. d4 exd4 4. Nxd4 a6 5. Bd3 Nf6 6. O-O g6 7. c4 Bg7 8. Nc2 O-O 9. Nc3 b6 10. Be2 Bb7 11. f3 Nbd7 12. Be3 Re8 13. Qd2 a5 14. Rad1 Ba6 15. b3 Nc5 16. Bd4 Nh5 17. Ne3 Bxd4 18. Qxd4 Nf4 19. Ng4 Qg5 20. Nf6+ Kg7 21. Nxe8+ Kf8 22. g3 Nxe2+ 23. Nxe2 Rxe8 24. Nf4 Ne6 25. Qh8+ Ke7 26. Nd5+ Kd7 27. Nf6+ Kc6 28. Qxe8+ Kb7 29. Nd5 h5 30. Ne7 Qe3+ 31. Kh1 Ka7 32. Nc6+ Kb7 33. e5 Ng5 34. Ne7 Ka7 35. Qd7 Bb7 36. Qxc7 Nxf3 37. Nc8+ Ka8 38. Nxb6+ Ka7 39. Nd5 Qe2 40. Qxa5+ Kb8 41. Qd8+ Ka7 42. Qb6+ Kb8 43. Qxd6+ Ka7 44. Qc5+ Kb8 45. Qf2 1-0

[Event "Titled Tuesday 2025.01.07 Late"]
[Site "chess.com INT"]
[Date "2025.01.07"]
[Round "6"]
[White "Venkatesh, Narayan"]
[Black "Mendes, Aaron Reeve"]
[Result "1-0"]
[WhiteElo "2175"]
[BlackElo "2358"]
[PlyCount "125"]
[GameId "2133754867948252"]
[EventDate "2025.01.07"]
[EventType "swiss (blitz)"]
[EventRounds "11"]
[EventCountry "NET"]
[SourceTitle "The Week in Chess 1575"]
[Source "Mark Crowther"]
[SourceDate "2025.01.13"]
[SourceVersion "1"]
[SourceVersionDate "2025.01.13"]
[SourceQuality "2"]

1. c4 c6 2. Nf3 d5 3. e3 Nf6 4. b3 Bf5 5. Bb2 e6 6. Be2 Bd6 7. O-O O-O 8. d4 Nbd7 9. Ne5 Qc7 10. f4 Ne4 11. Nd2 f6 12. Nxd7 Qxd7 13. Nxe4 Bxe4 14. Bd3 Bxd3 15. Qxd3 Rae8 16. e4 dxe4 17. Qxe4 Re7 18. Rad1 Rfe8 19. Rfe1 Bb4 20. Rf1 Rd8 21. Rf3 c5 22. Rfd3 cxd4 23. Bxd4 Qc7 24. Bf2 Rxd3 25. Rxd3 b6 26. Qa8+ Kf7 27. g3 Rd7 28. Qe4 g6 29. Kg2 Qd8 30. Rd4 Qe7 31. Qd3 Rxd4 32. Qxd4 Qb7+ 33. Kg1 Ke7 34. Qd3 Qc7 35. Bd4 Qd6 36. Qe4 Qd7 37. Kf2 Kf7 38. Kf3 Bf8 39. Bc3 f5 40. Qd4 Qc6+ 41. Ke2 Qg2+ 42. Kd3 Qc6 43. Qf6+ Ke8 44. Qh8 Qd7+ 45. Kc2 Qf7 46. Qe5 Qd7 47. Qb8+ Kf7 48. Be5 Qc6 49. Qxa7+ Be7 50. Qc7 Qg2+ 51. Kb1 Qg1+ 52. Kb2 Qxh2+ 53. Kb1 Qg1+ 54. Kb2 h6 55. Kc2 Qf2+ 56. Kc1 Qe3+ 57. Kc2 Qe4+ 58. Kc1 Qh1+ 59. Kc2 Qh2+ 60. Kc1 Qxa2 61. Bd6 Qa1+ 62. Kc2 Qf6 63. Be5 1-0

[Event "Titled Tuesday 2025.01.07 Late"]
[Site "chess.com INT"]
[Date "2025.01.07"]
[Round "7"]
[White "Mendes, Aaron Reeve"]
[Black "Kopjonkin, Kirill"]
[Result "1-0"]
[WhiteElo "2358"]
[BlackElo "2314"]
[PlyCount "53"]
[GameId "2133754867964674"]
[EventDate "2025.01.07"]
[EventType "swiss (blitz)"]
[EventRounds "11"]
[EventCountry "NET"]
[SourceTitle "The Week in Chess 1575"]
[Source "Mark Crowther"]
[SourceDate "2025.01.13"]
[SourceVersion "1"]
[SourceVersionDate "2025.01.13"]
[SourceQuality "2"]

1. e4 c5 2. Nf3 d6 3. d4 cxd4 4. Nxd4 Nf6 5. Nc3 a6 6. Be2 e5 7. Nb3 Be7 8. O-O Be6 9. Be3 O-O 10. Re1 Nbd7 11. a4 Rc8 12. a5 Nc5 13. Nxc5 dxc5 14. Bf3 Qxd1 15. Rexd1 Rfd8 16. h3 h6 17. Na4 Rxd1+ 18. Rxd1 Bd8 19. Bd2 Nd7 20. Bc3 f6 21. Bg4 Bxg4 22. hxg4 Rc7 23. Nb6 Nxb6 24. Rxd8+ Kf7 25. axb6 Rc6 26. Rd7+ Kg6 27. Rxb7 1-0

[Event "Titled Tuesday 2025.01.07 Late"]
[Site "chess.com INT"]
[Date "2025.01.07"]
[Round "8"]
[White "Petr, Ja2"]
[Black "Mendes, Aaron Reeve"]
[Result "0-1"]
[WhiteElo "2282"]
[BlackElo "2358"]
[PlyCount "48"]
[GameId "2133754868059139"]
[EventDate "2025.01.07"]
[EventType "swiss (blitz)"]
[EventRounds "11"]
[EventCountry "NET"]
[SourceTitle "The Week in Chess 1575"]
[Source "Mark Crowther"]
[SourceDate "2025.01.13"]
[SourceVersion "1"]
[SourceVersionDate "2025.01.13"]
[SourceQuality "2"]

1. d4 d5 2. c4 c6 3. Nf3 Nf6 4. Nc3 dxc4 5. a4 Bf5 6. Ne5 Nbd7 7. Nxc4 Nb6 8. Ne5 a5 9. Bg5 Nfd7 10. Nd3 h6 11. Bh4 g5 12. Bg3 Bg7 13. e4 Bg6 14. e5 Nf8 15. h4 Qxd4 16. h5 Bxd3 17. Bxd3 Bxe5 18. O-O Bxg3 19. Nb5 Qd8 20. fxg3 cxb5 21. Bxb5+ Nfd7 22. Rxf7 Kxf7 23. Qb3+ e6 24. Rf1+ Nf6 0-1

[Event "Titled Tuesday 2025.01.07 Late"]
[Site "chess.com INT"]
[Date "2025.01.07"]
[Round "9"]
[White "Mendes, Aaron Reeve"]
[Black "Needleman, G."]
[Result "1-0"]
[WhiteElo "2358"]
[BlackElo "2429"]
[PlyCount "55"]
[GameId "2133754868149514"]
[EventDate "2025.01.07"]
[EventType "swiss (blitz)"]
[EventRounds "11"]
[EventCountry "NET"]
[SourceTitle "The Week in Chess 1575"]
[Source "Mark Crowther"]
[SourceDate "2025.01.13"]
[SourceVersion "1"]
[SourceVersionDate "2025.01.13"]
[SourceQuality "2"]

1. e4 c5 2. Nf3 e6 3. b3 d5 4. exd5 exd5 5. Qe2+ Be7 6. Bb2 Nf6 7. Bxf6 gxf6 8. g3 Nc6 9. Bg2 Bg4 10. c3 Qd7 11. h3 Be6 12. Na3 O-O-O 13. O-O-O c4 14. Nc2 Bf5 15. bxc4 Bxc2 16. Kxc2 Na5 17. cxd5 Qa4+ 18. Kb1 Rhe8 19. Nd4 Bc5 20. Qg4+ f5 21. Nxf5 Qb5+ 22. Ka1 Kb8 23. Rb1 Qd3 24. Qf4+ Ka8 25. Qa4 Nc4 26. Rxb7 Qxd2 27. d6 Re1+ 28. Rb1+ 1-0

[Event "Titled Tuesday 2025.01.07 Late"]
[Site "chess.com INT"]
[Date "2025.01.07"]
[Round "10"]
[White "Kochiev, Ivan"]
[Black "Mendes, Aaron Reeve"]
[Result "1-0"]
[WhiteElo "2071"]
[BlackElo "2358"]
[PlyCount "117"]
[GameId "2133754868248086"]
[EventDate "2025.01.07"]
[EventType "swiss (blitz)"]
[EventRounds "11"]
[EventCountry "NET"]
[SourceTitle "The Week in Chess 1575"]
[Source "Mark Crowther"]
[SourceDate "2025.01.13"]
[SourceVersion "1"]
[SourceVersionDate "2025.01.13"]
[SourceQuality "2"]

1. e4 c5 2. Nf3 d6 3. d4 cxd4 4. Nxd4 Nf6 5. f3 e5 6. Nb3 Be6 7. c4 Be7 8. Nc3 O-O 9. Be3 Nbd7 10. Qd2 Rc8 11. Nd5 a6 12. Nxe7+ Qxe7 13. Rc1 Nc5 14. Na1 Rc7 15. Be2 Rfc8 16. O-O h6 17. b3 b5 18. cxb5 axb5 19. Bxb5 d5 20. exd5 Nxd5 21. Bf2 Nf4 22. Kh1 Qg5 23. g3 Qh5 24. Qe3 Bd5 25. Bg1 Nh3 26. Rce1 Ne6 27. Bc4 Rxc4 28. bxc4 Rxc4 29. Nb3 Neg5 30. Nd2 Rc2 31. Ne4 f5 32. Qd3 Nxg1 33. Qxd5+ Kh8 34. Nd2 N1xf3 35. Rxf3 Rxd2 36. Qxd2 Qxf3+ 37. Qg2 Qc3 38. Qe2 e4 39. a4 Kh7 40. Rf1 Kg6 41. Qa6+ Kh5 42. Rxf5 Kg4 43. Rf1 Qd2 44. Qb6 Kh3 45. Qf2 Qd5 46. Qf5+ Qxf5 47. Rxf5 Nf3 48. Rf4 Nxh2 49. Rh4+ Kxg3 50. Rxh2 e3 51. Re2 Kf3 52. Ra2 e2 53. Rxe2 Kxe2 54. a5 g5 55. a6 g4 56. a7 g3 57. a8=Q h5 58. Kg2 Ke3 59. Qf3+ 1-0

[Event "Titled Tuesday 2025.01.07 Late"]
[Site "chess.com INT"]
[Date "2025.01.07"]
[Round "11"]
[White "Mendes, Aaron Reeve"]
[Black "Thorhallsson, Simon"]
[Result "1-0"]
[WhiteElo "2358"]
[BlackElo "2223"]
[PlyCount "75"]
[GameId "2133754868276835"]
[EventDate "2025.01.07"]
[EventType "swiss (blitz)"]
[EventRounds "11"]
[EventCountry "NET"]
[SourceTitle "The Week in Chess 1575"]
[Source "Mark Crowther"]
[SourceDate "2025.01.13"]
[SourceVersion "1"]
[SourceVersionDate "2025.01.13"]
[SourceQuality "2"]

1. e4 c5 2. Nf3 d6 3. Bb5+ Bd7 4. Bxd7+ Nxd7 5. O-O Ngf6 6. Re1 e6 7. c3 Be7 8. d4 O-O 9. e5 Ne8 10. d5 exd5 11. Qxd5 dxe5 12. Nxe5 Nxe5 13. Qxe5 Bd6 14. Qe2 Qh4 15. g3 Qh3 16. Qf1 Qh5 17. Nd2 Nf6 18. Ne4 Nxe4 19. Rxe4 Rae8 20. Rxe8 Rxe8 21. Be3 Qf3 22. Rd1 Bf8 23. Rd7 h5 24. Qd1 Qc6 25. Qd5 Qg6 26. Rxb7 h4 27. Kg2 Bd6 28. Rd7 hxg3 29. Rxd6 Qg4 30. hxg3 Rxe3 31. fxe3 Qe2+ 32. Kh3 Qf1+ 33. Qg2 Qf5+ 34. Kh2 Qh5+ 35. Kg1 Qe5 36. Rd8+ Kh7 37. Qc2+ g6 38. Qh2+ 1-0

[Event "Titled Tuesday 2025.01.14 Late"]
[Site "chess.com INT"]
[Date "2025.01.14"]
[Round "1"]
[White "Mendes, Aaron Reeve"]
[Black "Akhayan, R."]
[Result "1/2-1/2"]
[WhiteElo "2358"]
[BlackElo "2255"]
[PlyCount "75"]
[GameId "2136239186169595"]
[EventDate "2025.01.14"]
[EventType "swiss (blitz)"]
[EventRounds "11"]
[EventCountry "NET"]
[SourceTitle "The Week in Chess 1576"]
[Source "Mark Crowther"]
[SourceDate "2025.01.20"]
[SourceVersion "1"]
[SourceVersionDate "2025.01.20"]
[SourceQuality "2"]

1. e4 c5 2. Nf3 e6 3. b3 Nc6 4. Bb2 d5 5. Bb5 dxe4 6. Bxc6+ bxc6 7. Ne5 Nf6 8. O-O Bd6 9. Nc4 O-O 10. Qe2 Bc7 11. Nc3 Ba6 12. Nxe4 Nxe4 13. Qxe4 Bxc4 14. Qxc4 Qxd2 15. Qxc5 Bb6 16. Qe5 Qh6 17. Rad1 Rad8 18. g3 Qg6 19. Kg2 Rd5 20. Qe2 Rfd8 21. c4 Rxd1 22. Rxd1 Rxd1 23. Qxd1 Qe4+ 24. f3 Qe3 25. Kh3 Qh6+ 26. Kg2 Qe3 27. Bc1 Qf2+ 28. Kh3 h5 29. a4 h4 30. Bf4 hxg3 31. hxg3 Bd4 32. Kg4 e5 33. Bxe5 Bxe5 34. Qd8+ Kh7 35. Qh4+ Kg8 36. Qd8+ Kh7 37. Qh4+ Kg8 38. Qd8+ 1/2-1/2

[Event "Titled Tuesday 2025.01.14 Late"]
[Site "chess.com INT"]
[Date "2025.01.14"]
[Round "2"]
[White "Hoffmann, As"]
[Black "Mendes, Aaron Reeve"]
[Result "0-1"]
[WhiteElo "2178"]
[BlackElo "2358"]
[PlyCount "86"]
[GameId "2136239186317407"]
[EventDate "2025.01.14"]
[EventType "swiss (blitz)"]
[EventRounds "11"]
[EventCountry "NET"]
[SourceTitle "The Week in Chess 1576"]
[Source "Mark Crowther"]
[SourceDate "2025.01.20"]
[SourceVersion "1"]
[SourceVersionDate "2025.01.20"]
[SourceQuality "2"]

1. d4 d5 2. Bg5 Nf6 3. e3 Ne4 4. Bf4 e6 5. Bd3 Bd6 6. Ne2 Bxf4 7. Nxf4 O-O 8. f3 Nf6 9. O-O c5 10. c3 Qb6 11. b3 Nc6 12. Nd2 cxd4 13. exd4 Nxd4 14. Kh1 Nc6 15. Qe1 e5 16. Ne2 Be6 17. Qh4 Qe3 18. Rad1 Qxd3 19. Ne4 Qxe2 20. Nxf6+ gxf6 21. Qxf6 Qe3 22. f4 Qe4 23. f5 Qg4 24. Rd3 Bd7 25. Rg3 Qg6 26. Qh4 Bxf5 27. Rxf5 Kh8 28. Rxg6 fxg6 29. Rxf8+ Rxf8 30. h3 d4 31. cxd4 exd4 32. Qe4 Rd8 33. Qd3 Kg7 34. a3 Rd7 35. b4 Ne5 36. Qe4 Kf6 37. Qf4+ Ke6 38. Qd2 d3 39. Kg1 Nc4 40. Qc3 Ne5 41. Qd2 Rc7 42. Kh2 Nf3+ 43. gxf3 Rc2 0-1

[Event "Titled Tuesday 2025.01.14 Late"]
[Site "chess.com INT"]
[Date "2025.01.14"]
[Round "3"]
[White "Mendes, Aaron Reeve"]
[Black "Montano Vicente, Guadalupe"]
[Result "1-0"]
[WhiteElo "2358"]
[BlackElo "1970"]
[PlyCount "101"]
[GameId "2136239186432373"]
[EventDate "2025.01.14"]
[EventType "swiss (blitz)"]
[EventRounds "11"]
[EventCountry "NET"]
[SourceTitle "The Week in Chess 1576"]
[Source "Mark Crowther"]
[SourceDate "2025.01.20"]
[SourceVersion "1"]
[SourceVersionDate "2025.01.20"]
[SourceQuality "2"]

1. e4 c5 2. Nf3 d6 3. Bb5+ Nd7 4. d4 cxd4 5. Nxd4 a6 6. Bd3 g6 7. O-O Bg7 8. Nb3 Ngf6 9. c4 O-O 10. Be2 Nxe4 11. Qc2 Nec5 12. Be3 b6 13. Bf3 Rb8 14. N1d2 Bb7 15. Bxb7 Rxb7 16. Rfd1 Qc8 17. Rac1 Rc7 18. Nb1 Qa8 19. Nc3 Nxb3 20. axb3 Bxc3 21. Qxc3 Rfc8 22. Bh6 f6 23. Qh3 Nf8 24. Re1 Qc6 25. Rc3 Qd7 26. Qf3 Qc6 27. Qe2 e5 28. Rf3 Rf7 29. h4 Ne6 30. Rd1 Nd4 31. Rxd4 exd4 32. Qd2 Qe4 33. Rf4 Qb1+ 34. Kh2 Re8 35. Rxd4 Qe1 36. Qxe1 Rxe1 37. Rxd6 Rfe7 38. Rxb6 R1e6 39. Rb8+ Re8 40. Rb4 Kf7 41. c5 Rc8 42. Be3 Re7 43. Kg3 Rc6 44. Kf3 Rd7 45. Ke2 h5 46. g3 Ke6 47. Re4+ Kf7 48. b4 Rb7 49. Kd3 a5 50. Kc3 axb4+ 51. Rxb4 1-0

[Event "Titled Tuesday 2025.01.14 Late"]
[Site "chess.com INT"]
[Date "2025.01.14"]
[Round "4"]
[White "Bryakin, M."]
[Black "Mendes, Aaron Reeve"]
[Result "1/2-1/2"]
[WhiteElo "2426"]
[BlackElo "2358"]
[PlyCount "150"]
[GameId "2136239186580197"]
[EventDate "2025.01.14"]
[EventType "swiss (blitz)"]
[EventRounds "11"]
[EventCountry "NET"]
[SourceTitle "The Week in Chess 1576"]
[Source "Mark Crowther"]
[SourceDate "2025.01.20"]
[SourceVersion "1"]
[SourceVersionDate "2025.01.20"]
[SourceQuality "2"]

1. Nf3 d5 2. d4 Nf6 3. Bf4 Bf5 4. e3 e6 5. c4 c6 6. Qb3 Qb6 7. c5 Qxb3 8. axb3 a6 9. b4 Nh5 10. Bc7 Kd7 11. Bb6 f6 12. b5 Bxb1 13. bxc6+ Nxc6 14. Rxb1 g6 15. b4 Be7 16. b5 axb5 17. Bxb5 Bd8 18. Bxd8 Rhxd8 19. O-O Kc7 20. Rb2 Ng7 21. Rfb1 Ra7 22. g4 Rda8 23. Bd3 e5 24. Bb5 e4 25. Nh4 Ne6 26. Ng2 Ra1 27. h4 R8a2 28. Bf1 Rxb1 29. Rxb1 f5 30. gxf5 gxf5 31. h5 f4 32. Nh4 fxe3 33. fxe3 Ne7 34. Bg2 Re2 35. Rf1 Rxe3 36. Rf7 Kd8 37. Rxe7 Re1+ 38. Kf2 Kxe7 39. Kxe1 Nxd4 40. Bh3 Kf6 41. Ng2 Kg5 42. Ne3 Nb3 43. Nxd5 Nxc5 44. Kd2 Kxh5 45. Ke3 Kg5 46. Kd4 Nd3 47. Bc8 Nf4 48. Ne3 b6 49. Bd7 h5 50. Kxe4 h4 51. Kf3 Ng6 52. Nc4 Kf6 53. Ke4 Nf8 54. Bc6 h3 55. Nxb6 Ne6 56. Ke3 Kg5 57. Bh1 Kh4 58. Kf2 Nf4 59. Nc4 Ng2 60. Nd2 Kg4 61. Nf1 Kh4 62. Kf3 Ne1+ 63. Kf2 Ng2 64. Nh2 Nf4 65. Nf3+ Kg4 66. Ne5+ Kf5 67. Nc4 Ng2 68. Kg3 Nf4 69. Ne3+ Kg5 70. Kf3 Nh5 71. Ng4 Kh4 72. Ne3 Ng3 73. Bg2 h2 74. Kf2 h1=Q 75. Bxh1 Nxh1+ 1/2-1/2

[Event "Titled Tuesday 2025.01.14 Late"]
[Site "chess.com INT"]
[Date "2025.01.14"]
[Round "5"]
[White "Mendes, Aaron Reeve"]
[Black "Kilic, Eray"]
[Result "0-1"]
[WhiteElo "2358"]
[BlackElo "2459"]
[PlyCount "90"]
[GameId "2136239186629481"]
[EventDate "2025.01.14"]
[EventType "swiss (blitz)"]
[EventRounds "11"]
[EventCountry "NET"]
[SourceTitle "The Week in Chess 1576"]
[Source "Mark Crowther"]
[SourceDate "2025.01.20"]
[SourceVersion "1"]
[SourceVersionDate "2025.01.20"]
[SourceQuality "2"]

1. e4 c5 2. Nf3 Nc6 3. Bb5 Nf6 4. Bxc6 dxc6 5. d3 g6 6. O-O Bg7 7. h3 O-O 8. Be3 c4 9. Nc3 cxd3 10. cxd3 Nd7 11. d4 Nb6 12. Qe2 Be6 13. b3 Qc8 14. Rfd1 f5 15. Ng5 fxe4 16. Ncxe4 Nd5 17. Rac1 Bf5 18. Ng3 Qd7 19. h4 Rae8 20. h5 e5 21. Nxf5 Qxf5 22. dxe5 Nxe3 23. Nxh7 Qxf2+ 24. Qxf2 Rxf2 25. Kxf2 Nxd1+ 26. Rxd1 Kxh7 27. hxg6+ Kxg6 28. Rd7 b6 29. Rd6+ Kf5 30. Rxc6 Bxe5 31. Rc4 Rd8 32. Ke2 Bf4 33. Kf3 Rd3+ 34. Ke2 Rd2+ 35. Kf3 Be5 36. g4+ Kg5 37. a4 Rb2 38. Ke4 Bf6 39. b4 Be7 40. b5 Rb4 41. Rxb4 Bxb4 42. Kd5 Kxg4 43. Kc6 Ba5 44. Kb7 Kf4 45. Kxa7 Ke4 0-1

[Event "Titled Tuesday 2025.01.14 Late"]
[Site "chess.com INT"]
[Date "2025.01.14"]
[Round "6"]
[White "Sukandar, I."]
[Black "Mendes, Aaron Reeve"]
[Result "1-0"]
[WhiteElo "2330"]
[BlackElo "2358"]
[PlyCount "61"]
[GameId "2136239186695185"]
[EventDate "2025.01.14"]
[EventType "swiss (blitz)"]
[EventRounds "11"]
[EventCountry "NET"]
[SourceTitle "The Week in Chess 1576"]
[Source "Mark Crowther"]
[SourceDate "2025.01.20"]
[SourceVersion "1"]
[SourceVersionDate "2025.01.20"]
[SourceQuality "2"]

1. Nf3 d5 2. b3 Nd7 3. Bb2 Ngf6 4. e3 e6 5. d4 Bd6 6. Bd3 O-O 7. Nbd2 b6 8. O-O Bb7 9. Ne5 c5 10. Qe2 Ne4 11. Rad1 Qc7 12. Bxe4 dxe4 13. Nxd7 Qxd7 14. dxc5 Bxc5 15. Nxe4 Qe7 16. Rd7 Bxe4 17. Rxe7 Bxe7 18. Rd1 Rfd8 19. f3 Bb7 20. Rd4 Rxd4 21. Bxd4 Rd8 22. Qc4 Rd7 23. Qb5 Rd8 24. Qe5 Kf8 25. Qxg7+ Ke8 26. Qxh7 Bf8 27. Qh8 Kd7 28. Qf6 Ke8 29. h4 Rd5 30. Qh8 Ke7 31. Bf6+ 1-0

[Event "Titled Tuesday 2025.01.14 Late"]
[Site "chess.com INT"]
[Date "2025.01.14"]
[Round "7"]
[White "Mendes, Aaron Reeve"]
[Black "Momunaliev, Ruslan"]
[Result "1-0"]
[WhiteElo "2358"]
[BlackElo "1995"]
[PlyCount "93"]
[GameId "2136239186826587"]
[EventDate "2025.01.14"]
[EventType "swiss (blitz)"]
[EventRounds "11"]
[EventCountry "NET"]
[SourceTitle "The Week in Chess 1576"]
[Source "Mark Crowther"]
[SourceDate "2025.01.20"]
[SourceVersion "1"]
[SourceVersionDate "2025.01.20"]
[SourceQuality "2"]

1. e4 e6 2. Nf3 c5 3. b3 Nc6 4. Bb2 d5 5. Bb5 Nf6 6. exd5 exd5 7. O-O Be7 8. d4 cxd4 9. Nxd4 Bd7 10. c4 dxc4 11. Nxc6 Bxc6 12. Bxc4 O-O 13. Nc3 Qc7 14. Rc1 Rad8 15. Qe2 Rfe8 16. Nb5 Qb6 17. Rfd1 Rxd1+ 18. Rxd1 Bc5 19. Qf1 Ng4 20. Nd4 Rd8 21. Nxc6 bxc6 22. Bxf7+ Kh8 23. Rxd8+ Qxd8 24. Qe2 Nxf2 25. Kf1 Qd1+ 26. Qxd1 Nxd1 27. Ba1 Ne3+ 28. Ke2 Nxg2 29. Be8 Nf4+ 30. Kf3 Bd6 31. Bxc6 Kg8 32. Be4 g6 33. Bd4 a6 34. Bb7 a5 35. Bb6 Nd3 36. Bxa5 Bxh2 37. Bd5+ Kf8 38. Ke3 Nc5 39. Bb4 Bd6 40. a4 Ke7 41. a5 Na6 42. Bc3 Bb4 43. Bxb4+ Nxb4 44. Be4 Kd6 45. Kd4 h5 46. Kc4 Na6 47. Kb5 1-0

[Event "Titled Tuesday 2025.01.14 Late"]
[Site "chess.com INT"]
[Date "2025.01.14"]
[Round "8"]
[White "Hacker, Jonas"]
[Black "Mendes, Aaron Reeve"]
[Result "0-1"]
[WhiteElo "2391"]
[BlackElo "2358"]
[PlyCount "104"]
[GameId "2136239186871754"]
[EventDate "2025.01.14"]
[EventType "swiss (blitz)"]
[EventRounds "11"]
[EventCountry "NET"]
[SourceTitle "The Week in Chess 1576"]
[Source "Mark Crowther"]
[SourceDate "2025.01.20"]
[SourceVersion "1"]
[SourceVersionDate "2025.01.20"]
[SourceQuality "2"]

1. e4 c5 2. c3 Nf6 3. e5 Nd5 4. Nf3 d6 5. d4 cxd4 6. cxd4 e6 7. Bc4 Nb6 8. Bb5+ Bd7 9. Bd3 Nc6 10. O-O Nb4 11. Be4 d5 12. Bd3 Nxd3 13. Qxd3 Rc8 14. Bg5 Qc7 15. Na3 a6 16. Rfc1 Bc6 17. h4 h6 18. Be3 Na4 19. Qb3 Qb6 20. Qxb6 Nxb6 21. Rc2 Be7 22. Rac1 Kd7 23. h5 Rc7 24. Bd2 Na4 25. Nb1 Rcc8 26. b3 Nb6 27. Ba5 Na8 28. a4 b6 29. Bd2 b5 30. a5 b4 31. Ne1 Bb5 32. Rxc8 Rxc8 33. Rxc8 Kxc8 34. f4 Kd7 35. Nc2 Bd3 36. Nxb4 Bxb4 37. Bxb4 Bxb1 38. Bf8 g6 39. hxg6 Bxg6 40. Bxh6 Nc7 41. Bf8 Nb5 42. Bc5 Kc6 43. Kf2 Nc3 44. Ke3 Kb5 45. b4 Na2 46. g4 Nxb4 47. Bb6 Nc6 48. f5 exf5 49. g5 Nxa5 50. Bd8 Nc4+ 51. Kf4 a5 52. e6 fxe6 0-1